Revue d'hypnologie théorique et pratique / (Record no. 2091)

MARC details
000 -LEADER
campo de control de longitud fija 00618nas a2200217 i 4500
001 - NÚMERO DE CONTROL
campo de control 2091
003 - IDENTIFICADOR DE NÚMERO DE CONTROL
campo de control ES-MaACL
005 - FECHA Y HORA DE LA ÚLTIMA TRANSACCIÓN
campo de control 20251001201527.0
007 - CAMPO FIJO DE DESCRIPCIÓN FÍSICA--INFORMACIÓN GENERAL
campo de control de longitud fija t|
008 - DATOS DE LONGITUD FIJA--INFORMACIÓN GENERAL
campo de control de longitud fija 950801d18901890fr | | 1 ||re d
022 ## - NÚMERO INTERNACIONAL NORMALIZADO PARA PUBLICACIONES SERIADAS
Número Internacional Normalizado para Publicaciones Seriadas 2017-6864
245 00 - MENCIÓN DEL TÍTULO
Título Revue d'hypnologie théorique et pratique /
Mención de responsabilidad, etc. dir. D.J. Luys.
260 ## - PUBLICACIÓN, DISTRIBUCIÓN, ETC.
Lugar de publicación, distribución, etc. Paris :
Nombre del editor, distribuidor, etc. Georges Carré,
Fecha de publicación, distribución, etc. 1890 (
Lugar de fabricación/manufactura Tours :
Fabricante Deslis)
300 ## - DESCRIPCIÓN FÍSICA
Extensión 1 v. (384 p.) :
Otras características físicas grab ;
Dimensiones 24 cm.
362 0# - FECHAS DE PUBLICACIÓN Y/O DESIGNACIÓN SECUENCIAL
Fecha de publicación y/o designación secuencial Nº 1-12 (1890)
650 17 - PUNTO DE ACCESO ADICIONAL DE MATERIA--TÉRMINO DE MATERIA
Término de materia o nombre geográfico como elemento de entrada Psicología
Fuente del encabezamiento o término embne
9 (RLIN) 16540
700 1# - ENTRADA AGREGADA--NOMBRE PERSONAL
Nombre de persona Luys, Jules,
Fechas asociadas al nombre 1828-1897
9 (RLIN) 147527
852 ## - LOCALIZACIÓN
Ubicación ES-MaACL
Número de control de estantería Hem-324
866 #0 - MENCIÓN TEXTUAL DE FONDOS--UNIDAD BIBLIOGRÁFICA BÁSICA
Fondos 1890
Holdings
Estatus retirado Estado de pérdida Estado de daño No para préstamo Colección Biblioteca de origen Biblioteca actual Ubicación en estantería Fecha de adquisición Fuente de adquisición Total de préstamos Signatura topográfica completa Código de barras Visto por última vez Precio de reemplazo Tipo de ítem Koha
        Periódicos y Revistas Biblioteca del Ateneo de Madrid Biblioteca del Ateneo de Madrid Depósito 1 17/01/2008     Hem-324 1002130 23/02/2023 23/02/2023 Revista